000 00964nam a2200217 a 4500
001 000041089
005 20201002034617.0
008 130917s1986 sp 000 0 spa d
020 _a8400062132
040 _aDO-SdBNP
_bspa
_cBNPHU
100 1 _aAcevedo, Edberto Oscar
_967591
245 1 0 _aCarlos Pereyra, Historiador de América /
_cEdberto Oscar Acevedo ; edición preparada por José Hernández Palomo.
260 _aSevilla :
_bEscuela de Estudios Hispano-Americanos de Sevilla, Consejo Superior de Investigaciones Cientifícas,
_c1986.
300 _axiii, 244 p., : ;
_c21 cm.
490 1 _aPublicaciones de la Escuela de Estudios Hispano-Americanos de Sevilla ;
_v319
_n19
490 1 _aMar adentro
700 1 _aHernández Palomo, José
_eed.
_914975
710 2 _aConsejo Superior de Investigaciones Cientifícas,
_94786
830 0 _aMar adentro
_915133
830 0 _aPublicaciones de la Escuela de Estudios Hispano-Americanos de Sevilla
_v319
_n19
_967604
999 _c40579
_d40579